[Event "St Petersburg Chigorin CC-ch"]
[Site "St Petersburg"]
[Date "2008.05.23"]
[Round "9"]
[White "Stroganov, Anatoly"]
[Black "Kiselev, Viktor"]
[Result "1-0"]
[WhiteElo "1946"]
[BlackElo "2055"]
[PlyCount "75"]
[EventDate "2008.05.13"]
[EventType "swiss"]
[EventRounds "9"]
[EventCountry "RUS"]
[SourceTitle "CBM 124 Extra"]
[Source "ChessBase"]
[SourceDate "2008.07.03"]
[SourceVersion "1"]
[SourceVersionDate "2008.07.03"]
[SourceQuality "1"]

1. Nf3 Nc6 2. e3 e5 3. Bb5 e4 4. Ng1 d5 5. Nc3 Qg5 6. Bf1 Nf6 7. f4 Qf5 8. Nge2 Bb4 9. Ng3 Qd7 10. Nce2 Bc5 11. c3 Qe7 12. Nd4 Nd8 13. Ndf5 Qf8 14. b4 Bb6 15. a4 c6 16. a5 Bc7 17. b5 Bd6 18. d4 g6 19. Nxd6+ Qxd6 20. Be2 Bd7 21. bxc6 Qxc6 22. Qb3 Rc8 23. Bd2 h5 24. h3 h4 25. Nf1 Nh5 26. Rc1 Ng3 27. Nxg3 hxg3 28. c4 Be6 29. cxd5 Qxd5 30. Bb5+ Nc6 31. Qxd5 Bxd5 32. Rc5 Rd8 33. a6 0-0 34. axb7 Nb8 35. Ba5 Bxb7 36. Bxd8 Rxd8 37. 0-0 a6 38. Ba4 1-0